| 000 | 00712nam a22002057a 4500 | ||
|---|---|---|---|
| 005 | 20161213110312.0 | ||
| 008 | 161213b2009 mx ||||| |||| 001 0 spa d | ||
| 020 | _a9786074011289 | ||
| 050 | 0 | 4 |
_aKGF1980 _bR36 2009 |
| 100 | 1 |
_aRamírez Chavero, Iván, _eautor |
|
| 245 | 1 | 0 |
_aNociones jurídicas de los seguros sociales en México / _cIván Ramírez Chavero. |
| 250 | _aPrimera edición | ||
| 260 |
_aMéxico : _bUniversidad Nacional Autónoma de México : Miguel Ángel Porrúa, _cc2009 |
||
| 300 |
_a229 páginas ; _c23 cm. |
||
| 490 | 0 | _aConocer para decidir | |
| 504 | _aIncluye índice | ||
| 650 | 7 |
_2lemb _aSeguros de vida _zMéxico |
|
| 651 | 7 |
_2lemb _aMéxico _xSeguridad social |
|
| 942 |
_2lcc _cLIB |
||
| 999 |
_c123549 _d123549 |
||